A carregar...

Speech communication behaviour: Perspectives and principles /

Detalhes bibliográficos
Outros Autores: Barker, Larry L. (Editor)
Formato: Printed Book
Idioma:English
LEADER 00413nam a2200109Ia 4500
008 150624b xxu||||| |||| 00| 0 eng d
082 |a 001.542, 
245 |a Speech communication behaviour:  |b Perspectives and principles / 
700 |a Barker, Larry L.  |e editor. 
942 |c BK 
999 |c 3649  |d 3649 
952 |0 0  |1 0  |4 0  |6 001_000000000000000_542_BAR_S  |7 0  |9 3648  |a UL  |b UL  |c ST2  |d 1998-08-28  |l 0  |o 001.542, BAR/S  |p 7336  |r 2012-10-27  |w 2012-10-27  |y BK